| 000 | 00607nam a2200217 i 4500 | ||
|---|---|---|---|
| 001 | 105423 | ||
| 003 | ES-MaACL | ||
| 007 | t| | ||
| 008 | 060710s1965 it ||||1| ita d | ||
| 080 | _a330.85 | ||
| 100 | 1 |
_aKosik, Karel. _9184022 |
|
| 245 | 1 | 0 |
_aDialettica del concreto / _cKarel Kosík. |
| 260 |
_aMilano : _bValentino Bompiani, _c1965. |
||
| 300 |
_a278 p. ; _c22 cm. |
||
| 490 | 1 |
_aIdee nuove ; _v40 |
|
| 500 | _aBiblioteca Juan Andrade. | ||
| 650 | 1 | 4 |
_aEconomía marxista. _912033 |
| 830 | 0 |
_aIdee nuove ; _v40 _9232722 |
|
| 852 |
_aES-MaACL _jAND-218 _bR.109538 |
||
| 999 |
_c105423 _d105423 |
||